000 00636nam a2200229Ia 4500
005 20260320201817.0
008 008 262003s9999 xx 000 0 eng d
037 _aEBOOK
040 _aCRL
040 _beng
040 _cCRL
041 _2eng
041 _aeng
084 _qCRL
100 _aQin
245 0 _aCertified Kubernetes Administrator (CKA) Exam Guide: Validate your knowledge of Kubernetes and implement it in a real-life production environment
260 _bIEEE
856 _uhttps://ieeexplore.ieee.org/servlet/opac?bknumber=10163163
942 _cEBOOK
999 _c1723660
_d1723660